[Event "SVK-chT2B 1213"]
[Site "Slovakia"]
[Date "2013.03.16"]
[Round "10.4"]
[White "Veselsky, Jozef"]
[Black "Kucharek, Jaroslav"]
[Result "0-1"]
[WhiteElo "2158"]
[BlackElo "2009"]
[PlyCount "208"]
[EventDate "2012.10.13"]
[EventType "team-tourn"]
[EventRounds "11"]
[EventCountry "SVK"]
[SourceTitle "EXT 2015"]
[Source "ChessBase"]
[SourceDate "2014.11.20"]
[SourceVersion "1"]
[SourceVersionDate "2014.11.20"]
[SourceQuality "1"]
[WhiteTeam "Sala"]
[BlackTeam "Myjava Spartak"]
[WhiteTeamCountry "SVK"]
[BlackTeamCountry "SVK"]

1. d4 Nf6 2. Nf3 d6 3. c4 g6 4. Nc3 Bg7 5. e4 0-0 6. Be2 Nbd7 7. Be3 e5 8. dxe5 dxe5 9. Qc2 c6 10. h3 Qe7 11. 0-0 b6 12. a3 Bb7 13. b4 h6 14. Rfd1 Rfd8 15. Rab1 Nf8 16. c5 b5 17. Rxd8 Rxd8 18. Rd1 Rxd1+ 19. Qxd1 Ne8 20. Nd2 Bc8 21. Nb3 a6 22. a4 Qc7 23. axb5 axb5 24. Qa1 Be6 25. Na5 Nd7 26. f3 Kh7 27. Qa3 Nb8 28. Qa1 Bf6 29. Qc1 Bg7 30. Qf1 Qd7 31. Qd1 Qxd1+ 32. Bxd1 Bf8 33. Kf2 Kg7 34. g4 g5 35. Bd2 f6 36. Ne2 Kf7 37. Ng3 Ke7 38. Nf5+ Kd7 39. Kg3 Kc7 40. h4 Na6 41. Nb3 Kd7 42. Nc1 Bc4 43. Ne3 Be6 44. Bb3 Nec7 45. Bc2 Ne8 46. Bc3 Nb8 47. Bd3 Nc7 48. Ne2 Ba2 49. Kh2 Ne8 50. Ng3 Be6 51. Nh5 Ke7 52. Kh3 Ba2 53. Ng3 Ke6 54. Ne2 Kd7 55. Nc1 Be6 56. Ne2 Ba2 57. Bd2 Nc7 58. Nc3 Be6 59. Nb1 Nba6 60. Bc3 Ba2 61. Na3 Nb8 62. Nd1 Nba6 63. Be2 Ke6 64. Bd2 Kd7 65. Bd3 Bb3 66. Nc2 Nb8 67. Nce3 Nba6 68. Be2 Ke6 69. Nf1 Nb8 70. Nde3 Nba6 71. Ng3 Nb8 72. Nh5 Nba6 73. Nf5 Ne8 74. Bc3 Nac7 75. Kg2 Na6 76. Bd3 Nb8 77. Nhg3 Na6 78. Ne2 Kd7 79. Ng1 Ke6 80. Nh3 Nac7 81. Ng3 Na6 82. Ne2 Kd7 83. Nc1 Be6 84. Kg3 Nac7 85. Bc2 Na6 86. Nd3 Ba2 87. hxg5 hxg5 88. Nxg5 fxg5 89. Nxe5+ Kc7 90. Ng6 Bg7 91. e5 Bf7 92. Ne7 Nxb4 93. Bf5 Nd5 94. Ba5+ Kb7 95. e6 Bxe6 96. Nxc6 Kxc6 97. Bxe6 Be5+ 98. Kf2 Kxc5 99. Bd2 Bf4 100. Be1 Nec7 101. Bf7 b4 102. Ke2 Kd4 103. Bg6 Nc3+ 104. Bxc3+ Kxc3 0-1

[Event "SVK-chT2B 1213"]
[Site "Slovakia"]
[Date "2013.02.17"]
[Round "9.1"]
[White "Gazik, Renata"]
[Black "Kucharek, Jaroslav"]
[Result "1/2-1/2"]
[WhiteElo "2064"]
[BlackElo "2009"]
[PlyCount "142"]
[EventDate "2012.10.13"]
[EventType "team-tourn"]
[EventRounds "11"]
[EventCountry "SVK"]
[SourceTitle "EXT 2015"]
[Source "ChessBase"]
[SourceDate "2014.11.20"]
[SourceVersion "1"]
[SourceVersionDate "2014.11.20"]
[SourceQuality "1"]
[WhiteTeam "Bojnice"]
[BlackTeam "Myjava Spartak"]
[WhiteTeamCountry "SVK"]
[BlackTeamCountry "SVK"]

1. d4 Nf6 2. Nf3 g6 3. c4 Bg7 4. Nc3 0-0 5. e4 d6 6. Be2 Nbd7 7. Bg5 h6 8. Bh4 e5 9. d5 a5 10. Nd2 Nc5 11. b3 Bd7 12. a3 c6 13. b4 axb4 14. axb4 Rxa1 15. Qxa1 Na6 16. Qb2 g5 17. Bg3 Qb6 18. Na2 Ne8 19. f3 c5 20. b5 f5 21. exf5 Bxf5 22. Ne4 Nf6 23. Bd3 Nxe4 24. Bxe4 Bxe4 25. fxe4 Qa5+ 26. Ke2 Nb4 27. Nxb4 cxb4 28. Bf2 Ra8 29. Rb1 Qa4 30. Be1 Bf6 31. Bxb4 g4 32. Kd3 Be7 33. Bc3 Rc8 34. Qb4 Qxb4 35. Bxb4 Ra8 36. Bc3 b6 37. Bb2 Kg7 38. Rf1 Kg6 39. h3 h5 40. hxg4 hxg4 41. Rh1 Bg5 42. Ra1 Rxa1 43. Bxa1 Bd8 44. Bb2 Kg5 45. Ke3 Kh4 46. Kf2 Bg5 47. Bc3 Bd8 48. Bd2 Kh5 49. Ke2 Kh4 50. Be1+ Kh5 51. Kd3 Kg5 52. Bb4 Bc7 53. Ke3 Bb8 54. Bd2 Bc7 55. Kd3+ Kh4 56. Be1+ Kg5 57. Bg3 Kh5 58. Bf2 Kg5 59. g3 Kf6 60. Be1 Ke7 61. Bc3 Kd7 62. Bd2 Bd8 63. Kc3 Kc7 64. Kb4 Kd7 65. Be3 Kc7 66. Bd2 Kd7 67. Kb3 Be7 68. Bc3 Bf6 69. Ka4 Kc7 70. Bd2 Be7 71. Be3 Kb7 1/2-1/2

[Event "SVK-chT3B2 1112"]
[Site "Slovakia"]
[Date "2012.02.05"]
[Round "7.2"]
[White "Kucharek, Jaroslav"]
[Black "Jostic, Peter"]
[Result "0-1"]
[WhiteElo "1986"]
[BlackElo "2066"]
[PlyCount "68"]
[EventDate "2011.10.23"]
[EventType "team-tourn"]
[EventRounds "9"]
[EventCountry "SVK"]
[SourceTitle "EXT 2013"]
[Source "ChessBase"]
[SourceDate "2012.11.22"]
[SourceVersion "1"]
[SourceVersionDate "2012.11.22"]
[SourceQuality "1"]
[WhiteTeam "Myjava Spartak"]
[BlackTeam "Trencin PK III"]
[WhiteTeamCountry "SVK"]
[BlackTeamCountry "SVK"]

1. e4 c5 2. Nf3 d6 3. d4 cxd4 4. Nxd4 Nf6 5. Nc3 a6 6. Bc4 e6 7. Bb3 Nc6 8. Be3 Be7 9. f3 Qc7 10. Qd2 h5 11. 0-0-0 Bd7 12. h3 h4 13. f4 b5 14. a3 Na5 15. Kb1 Rh5 16. Rhe1 Rc5 17. e5 dxe5 18. fxe5 Qxe5 19. Nf3 Qf5 20. Ka2 Nc4 21. Bxc4 Rxc4 22. Bd4 Rc7 23. Be5 Rb7 24. Nxh4 Qh5 25. Nf3 b4 26. axb4 Bxb4 27. g4 Qg6 28. Nh4 Qh7 29. Nf5 exf5 30. Bxf6+ Be6+ 31. Qd5 gxf6 32. Rxe6+ fxe6 33. Qxe6+ Kf8 34. Qxf6+ Qf7+ 0-1

[Event "SVK-chT3B2 1112"]
[Site "Slovakia"]
[Date "2011.11.27"]
[Round "3.4"]
[White "Mruskovic, Peter"]
[Black "Kucharek, Jaroslav"]
[Result "0-1"]
[WhiteElo "1964"]
[BlackElo "1986"]
[PlyCount "64"]
[EventDate "2011.10.23"]
[EventType "team-tourn"]
[EventRounds "9"]
[EventCountry "SVK"]
[SourceTitle "EXT 2013"]
[Source "ChessBase"]
[SourceDate "2012.11.22"]
[SourceVersion "1"]
[SourceVersionDate "2012.11.22"]
[SourceQuality "1"]
[WhiteTeam "Povazske Podhradie SK"]
[BlackTeam "Myjava Spartak"]
[WhiteTeamCountry "SVK"]
[BlackTeamCountry "SVK"]

1. c4 e5 2. e3 Nc6 3. g3 Nf6 4. Bg2 Bc5 5. Ne2 d6 6. a3 e4 7. b4 Bb6 8. d4 exd3 9. Qxd3 Ne5 10. Qc2 c6 11. Nd2 Qe7 12. Bb2 0-0 13. 0-0 Bg4 14. Nd4 Qd7 15. N4f3 Rae8 16. Nxe5 dxe5 17. Nf3 Bc7 18. Rfd1 Qc8 19. Rd2 Bf5 20. Qb3 Ne4 21. Rdd1 h6 22. Nh4 Bh7 23. c5 g5 24. Nf3 Qf5 25. Rf1 Rd8 26. h3 h5 27. Rad1 Rxd1 28. Qxd1 Rd8 29. Qe2 g4 30. Nh4 Qe6 31. Bxe4 Bxe4 32. hxg4 Bd3 0-1